Argentina hacia el sur : construccion social y utopia en torno a la creacion del primer puerto /

Guardado en:
Autor Principal: Oyarzabal, Guillermo A.
Formato: Libro
Publicado: Buenos Aires : Instituto Nacional Browniano, 1999
Materias:
Etiquetas: Agregar Etiqueta
Sin Etiquetas, Sea el primero en etiquetar este registro!
LEADER 00635nam a22001815a 4500
001 EHU.bham024379
003 AR-BHAM
005 20130507143412.0
008 130507s1999##################000#0#####d
082 3 2 |a 323.64 
100 1 |a Oyarzabal, Guillermo A. 
245 1 0 |a Argentina hacia el sur :  |b construccion social y utopia en torno a la creacion del primer puerto /  |c Guillermo A. Oyarzabal 
260 |a Buenos Aires :  |b Instituto Nacional Browniano,  |c 1999 
300 |a 265 p. 
653 |a Puertos 
653 |a Historia argentina-bahia blanca 
653 |a Bahia blanca-puertos 
859 |a AR-BHAM  |b BIB. HUMANIDADES - General  |h 323.64  |i OY1  |p 183.02  |t Ej.1